| 000 | 00888cab a22001935a 4500 | ||
|---|---|---|---|
| 001 | L154972 | ||
| 008 | 120213s2012 xxk 000 0 eng d | ||
| 035 | _a(Sirsi) u154972 | ||
| 041 | 0 | _aeng | |
| 100 | 1 | _aKreeger, Duncan | |
| 245 | 0 | 0 | _aBuy-to-let back with a bang |
| 260 | _c2012 | ||
| 490 | 0 |
_aSustainablebuilding inc Propertyforecast _v(61) January 2012, 14-15(2) |
|
| 520 | _aCharts the major come back of the buy-to-let-market which is thriving on the back of increased rental demand as first time buyers find it increasingly difficult to get onto the property ladder. The sector is proving extremely lucrative for professional property investors and landlords. Includes a graph of average rents and rental yields from September 2010 - Aug 2011 (LSL Property Services). | ||
| 590 | _aKA | ||
| 651 | 4 |
_aUnited Kingdom _y |
|
| 690 |
_aResidential property _96266 |
||
| 942 | _n0 | ||
| 999 |
_c83766 _d83766 |
||